CONCACAF Gold Cup Winners - Statistics

General Stats
  • This quiz has been taken 541 times
  • The average score is 21 of 22
Answer Stats
Year Host Winner % Correct
1965 Guatemala Mexico
100%
1971 Trinidad and Tobago Mexico
100%
1977 Mexico Mexico
100%
1993 USA / Mexico Mexico
100%
1996 USA Mexico
100%
1998 USA Mexico
100%
2003 USA / Mexico Mexico
100%
2009 USA Mexico
100%
2011 USA Mexico
100%
1991 USA United States
100%
2002 USA United States
100%
2005 USA United States
100%
2007 USA United States
100%
2013 USA United States
100%
1985 various Canada
95%
2000 USA Canada
95%
1963 El Salvador Costa Rica
94%
1969 Costa Rica Costa Rica
94%
1989 various Costa Rica
94%
1981 Honduras Honduras
93%
1973 Haiti Haiti
85%
1967 Honduras Guatemala
77%
No matching quizzes found
Score Distribution
Percent of People with Each Score
Percentile by Number Answered
Your Score History
You have not taken this quiz